| 000 | 00375nam a22001457a 4500 | ||
|---|---|---|---|
| 020 | _a9780071155861 | ||
| 040 | _cNust | ||
| 082 |
_a621.38412 _bSMI |
||
| 100 |
_aJack R. Smith _9127619 |
||
| 245 | _aModern Communication Circuits | ||
| 250 | _a2nd edition | ||
| 260 |
_aBoston: _bMcGraw-Hill, _c1998. |
||
| 650 |
_aModern Communication Circuits _9127620 |
||
| 942 |
_2ddc _cBK |
||
| 999 |
_c612692 _d612692 |
||